Lenka Kořínková

Bibliographic Details
Other Authors: Válová, Helena (Interviewer)
Format: Article
Language:Slovak
PhysicalDescription:Obr. 2.
Subjects:

MARC

LEADER 00000nab a2200000 a 4500
001 vtls000008079
003 SK-MaSNL
005 20260305015910.0
008 111103c1978 xo 0 slo
015 |a SNBRB19rr/mm-uuuuu 
035 |a CL0018172 
040 |a SNKBUCL  |b slo  |c SNKBUCL  |e AACR2 
041 0 |a slo 
044 |a xo  |c SK 
080 |a 78  |2 1981 
080 |a 92 Kořínková, Lenka  |2 1981 
100 1 |a Válová, Helena  |4 ivr  |9 1595109 
245 1 0 |a Lenka Kořínková  |c Helena Válová, Lenka Kořínková 
300 |b Obr. 2. 
600 1 7 |a Kořínková, Lenka,  |d 1956-  |2 snkbucl  |9 17339 
655 7 |a rozhovory  |2 snkbucl  |9 31831 
655 7 |a články z novín a časopisov  |2 snkbucl  |9 267496 
700 1 |a Kořínková, Lenka,  |d 1956-  |4 ive  |9 17339 
773 0 |t Populár  |g Roč. 10, č. 7 (1978), s. 17 
850 |a Slovenská národná knižnica v Martine  |a MTA001 
852 |a SNK  |b KIS3GCP 
958 |a RK 
992 |a RBX 
999 |c 3277751  |d 3279681